Státni hymna československé republiky : Slovanské tance

Podrobná bibliografia
Korporácia: Symfonický orchestr Čs.rozhlasu ( hudobná skupina ) (Spevák), Česká filharmonie ( hudobná skupina ) (Spevák)
Ďalší autori: Dvořák, Antonín, 1841-1904 (Spevák)
Médium: Zvuková nahrávka
Jazyk:čeština
Fyzický popis:1 gramofónová platňa 18 cm
Vydavateľské údaje: Praha Supraphon [1981]
Predmet:

MARC

LEADER 00000njm a2200000 4500
001 vtls012248687
003 SK-MaSNL
005 20260331212735.0
007 s cs p a
008 240123t1981 xr g 000 0 cze
015 |a SNBJ1981 
028 1 1 |a 1139 9736  |b SUPRAPHON 
028 2 1 |a G 283/A B  |b SUPRAPHON 
028 2 1 |a G 284/A A  |b SUPRAPHON 
040 |a SNK  |b slo  |c SNK  |e rda 
041 0 |a cze 
044 |a xr  |c CZ 
072 7 |a 78  |x Hudba  |2 konspekt 
080 |a (086.72)  |2 2011 
100 1 |a Dvořák, Antonín,  |d 1841-1904  |4 sng 
245 1 0 |a Státni hymna československé republiky : Slovanské tance  |c Symfonický orchestr Čs.rozhlasu ; Česká filharmonie 
264 1 |a Praha  |b Supraphon  |c [1981] 
264 4 |c Ⓟ1981 
300 |a 1 gramofónová platňa  |c 18 cm 
336 |a hraná hudba  |b prm  |2 rdacontent 
337 |a audio  |b s  |2 rdamedia 
338 |a audiodisk  |b sd  |2 rdacarrier 
500 |a Gramoplatňa má 2 skladby 
655 7 |a gramofónové platne  |2 SNKPH  |9 74608 
655 7 |a Gramophone records  |2 SNKPHeng  |9 286457 
710 2 |a Symfonický orchestr Čs.rozhlasu ( hudobná skupina )  |4 sng  |9 654241 
710 2 |a Česká filharmonie ( hudobná skupina )  |4 sng  |9 654242 
740 0 2 |a Slovanské tance 
958 |a GP 
999 |c 1009366  |d 1011296 
952 |a SNK  |b SNK  |y PREZ  |7 0  |p 17A1420628  |o snkST 1394  |i snk252/96  |0 0  |1 0  |4 0  |d 2024-01-23  |l 0  |r 2026-02-24 12:47:41  |w 2026-02-24 
952 |a SNKMST  |b SNKMST  |y PREZ  |7 0  |p 17A1420627  |o snkST 1394 D1  |i snk251/96  |0 0  |1 0  |4 0  |d 2024-01-23  |l 0  |r 2026-02-24 12:47:41  |w 2026-02-24